[Event "ARG-ch Amateur"]
[Site "Termas de Rio Hondo"]
[Date "2019.11.15"]
[Round "1"]
[White "Garnier, Rene Augusto"]
[Black "Abdenur, Luciano"]
[Result "1/2-1/2"]
[WhiteElo "2219"]
[BlackElo "2058"]
[PlyCount "174"]
[EventDate "2019.11.15"]
[EventType "swiss"]
[EventRounds "7"]
[EventCountry "ARG"]
[SourceTitle "CBM 193 Extra"]
[Source "ChessBase"]
[SourceDate "2020.01.31"]
[SourceVersion "1"]
[SourceVersionDate "2020.01.31"]
[SourceQuality "1"]

1. Nf3 d5 2. e3 Nf6 3. c4 c6 4. Nc3 e6 5. b3 Bb4 6. Bb2 0-0 7. Be2 Nbd7 8. d4 Qe7 9. 0-0 dxc4 10. bxc4 Rd8 11. Qc2 Bd6 12. Rfd1 e5 13. h3 e4 14. Ng5 Re8 15. c5 Bxc5 16. dxc5 h6 17. Ngxe4 Nxe4 18. Nxe4 Qxe4 19. Qxe4 Rxe4 20. Bg4 Nf6 21. Rd8+ Re8 22. Rxc8 Raxc8 23. Bxc8 Rxc8 24. Bxf6 gxf6 25. Rd1 b5 26. Rd6 Kg7 27. Kf1 a5 28. Ke2 b4 29. Kd3 a4 30. Kc4 Rb8 31. Rd2 b3 32. axb3 Rxb3 33. Ra2 Rb1 34. g3 Kg6 35. Rxa4 Rc1+ 36. Kd4 Rd1+ 37. Ke4 Rc1 38. Ra5 Rc4+ 39. Kd3 Rc1 40. e4 Kg7 41. Ke3 Kg6 42. Kf4 Rc4 43. g4 Rc3 44. f3 Kg7 45. h4 Kg6 46. h5+ Kg7 47. Kg3 Rc4 48. Kf2 Rc2+ 49. Ke3 Rc1 50. Kd2 Rc4 51. Kd3 Rc1 52. Ra4 Rxc5 53. Rc4 Ra5 54. Rxc6 Ra3+ 55. Rc3 Ra2 56. Ke3 Ra5 57. Kf4 Rb5 58. Rd3 Rc5 59. Rd5 Rc3 60. Kg3 Rb3 61. Kf2 Rb2+ 62. Ke3 Rb3+ 63. Rd3 Rb5 64. Kd4 Rg5 65. Kc4 Ra5 66. Kd4 Ra1 67. Kc5 Ra5+ 68. Kd6 Ra7 69. Kd5 Rd7+ 70. Kc4 Rc7+ 71. Kd4 Rd7+ 72. Ke3 Ra7 73. f4 Ra4 74. Kf3 Ra5 75. Re3 Ra1 76. e5 fxe5 77. fxe5 Ra4 78. Re4 Ra1 79. Rd4 Re1 80. Kf4 Rg1 81. Kf5 Rg2 82. Rf4 Rg1 83. e6 fxe6+ 84. Kxe6 Re1+ 85. Kf5 Re8 86. Rd4 Rf8+ 87. Ke6 Re8+ 1/2-1/2

[Event "Medellin Castro Memorial 36th"]
[Site "Medellin"]
[Date "2019.08.11"]
[Round "8"]
[White "Laverde, Luis Eduardo"]
[Black "Garnier, Rene Augusto"]
[Result "0-1"]
[WhiteElo "2037"]
[BlackElo "2203"]
[PlyCount "64"]
[EventDate "2019.08.07"]
[EventType "swiss"]
[EventRounds "9"]
[EventCountry "COL"]
[SourceTitle "EXT 2020"]
[Source "ChessBase"]
[SourceDate "2019.10.17"]
[SourceVersion "1"]
[SourceVersionDate "2019.10.17"]
[SourceQuality "1"]

1. e4 g6 2. d4 Bg7 3. c4 c5 4. d5 d6 5. Nc3 Nf6 6. Nf3 Bg4 7. h3 Bxf3 8. gxf3 0-0 9. f4 e6 10. dxe6 fxe6 11. Be2 Nc6 12. Be3 Nd4 13. Bg4 Qe7 14. 0-0 Rad8 15. Bf3 a6 16. Bg2 Nh5 17. Qg4 Qf7 18. f5 gxf5 19. exf5 exf5 20. Qh4 Qg6 21. Bxd4 Bxd4 22. Nd5 Kh8 23. Kh1 Qf7 24. Rae1 Rde8 25. Bf3 Nf6 26. b3 Rxe1 27. Rxe1 Ne4 28. Re2 Rg8 29. Bxe4 fxe4 30. Qxe4 Qg7 31. Qg4 Qh6 32. Qe6 Qg5 0-1